000
00284nam a22001337a 4500
020
_a
81-7478-204-4
082
_a
001
_b
LAL/A
100
_a
LAL, UADY L
245
_a
AMAZING FACTS
260
_a
CHENNAI
_b
SURA BOOKS
300
_a
139
650
_a
GENERAL KNOWLEDGE
_z
INDIA
942
_c
BK
999
_c
6545
_d
6545